History of the fan (Record no. 7145)

MARC details
000 -CABECERA
campo de control de longitud fija 00603nam a2200217 a 4500
001 - NÚMERO DE CONTROL
campo de control BRCA_7469
005 - FECHA Y HORA DE LA ÚLTIMA TRANSACCIÓN
campo de control 20190320205840.0
008 - DATOS DE LONGITUD FIJA--INFORMACIÓN GENERAL
campo de control de longitud fija 180413s1910----enka######---#000-0#eng-#
041 ## - CÓDIGO DE LENGUA
Código de lengua del texto/banda sonora o título independiente eng
044 ## - CÓDIGO DEL PAÍS DE LA ENTIDAD EDITORA/PRODUCTORA
Código MARC del país enk
050 #4 - SIGNATURA TOPOGRÁFICA DE LA BIBLIOTECA DEL CONGRESO
Número de clasificación GT2150
Número de documento/Ítem .R44 1910
100 1# - ENTRADA PRINCIPAL--NOMBRE DE PERSONA
Nombre de persona Rhead, G. Woolliscroft
9 (RLIN) 18388
245 10 - MENCIÓN DE TÍTULO
Título History of the fan
Mención de responsabilidad, etc. by G. Woolliscroft Rhead.
260 ## - PUBLICACIÓN, DISTRIBUCIÓN, ETC.
Lugar de publicación, distribución, etc. Londres
Nombre del editor, distribuidor, etc. Kegan Paul, Trench, Trubner
Fecha de publicación, distribución, etc. 1910
300 ## - DESCRIPCIÓN FÍSICA
Extensión xix, 311 p.
Otras características físicas il. (algunas a color), 127 láminas
500 ## - NOTA GENERAL
Nota general Edición con cantos dorados
500 ## - NOTA GENERAL
Nota general Q228
650 14 - PUNTO DE ACCESO ADICIONAL DE MATERIA--TÉRMINO DE MATERIA
Término de materia o nombre geográfico como elemento de entrada Abanicos
9 (RLIN) 18389
902 ## - CATALOGADOR
Iniciales GFM
942 ## - ELEMENTOS DE PUNTO DE ACCESO ADICIONAL (KOHA)
Fuente del sistema de clasificación o colocación Library of Congress Classification
Tipo de ítem Koha Libros
Holdings
Estado de retiro Estado de pérdida Estado dañado No para préstamo Localización permanente Ubicación/localización actual Fecha de adquisición Número de inventario Total de préstamos Signatura topográfica completa Código de barras Fecha visto por última vez Precio válido a partir de Tipo de ítem Koha
El ejemplar forma parte de la colección y puede ser consultado según las políticas vigentes.       Biblioteca del Museo Franz Mayer (Rogerio Casas-Alatriste) Biblioteca del Museo Franz Mayer (Rogerio Casas-Alatriste) 09/04/2013 Q228   GT2150 .R44 1910 (Q228) 8072 22/03/2019 22/03/2019 Libros